000 00786nam a22002417a 4500
999 _c13950
_d13950
003 AR-CdUCM
008 190417b ||||| |||| 00| 0 spa d
040 _aMUNICIPALIDAD PROVINCIAL DEL CUSCO
_cBIBLIOTECA MUNICIPAL DEL CUSCO
082 _a711.561 /
_bM93
110 _aMunicipalidad Provincial del Cusco
_95084
245 _aDiagnostico basico de Huakaypata la Plaza Mayor del Qosqo /
260 _aCusco :
300 _a150 paginas ;
_bfotografías en color,
_c28 cm.
505 _aContenido : t.2 : Fotografías de la Plaza Mayor de Cusco.
650 _aTechos
_932586
650 _aInmuebles
_932587
650 _aCalles
_932588
650 _aCusco
_9772
650 _aPortales
_932589
650 _aFotografías
_913109
942 _2ddc
_cLIBROS
945 _awnts
_d2019-04-17